Online
Catalog

Nueva literatura económica dominicana : (Record no. 38629)

MARC details
000 -CABECERA
campo de control de longitud fija 02208nam a2200409 i 4500
001 - NÚMERO DE CONTROL
campo de control 000039139
003 - IDENTIFICADOR DEL NÚMERO DE CONTROL
campo de control DO-SdBNP
005 - FECHA Y HORA DE LA ÚLTIMA TRANSACCIÓN
campo de control 20231003133304.0
007 - CAMPO FIJO DE DESCRIPCIÓN FÍSICA--INFORMACIÓN GENERAL
campo de control de longitud fija ta
008 - DATOS DE LONGITUD FIJA--INFORMACIÓN GENERAL
campo de control de longitud fija 090701s2003 dr d r 000 0 spa d
020 ## - NÚMERO INTERNACIONAL ESTÁNDAR DEL LIBRO
Número Internacional Estándar del Libro 9993430501
040 ## - FUENTE DE LA CATALOGACIÓN
Centro catalogador/agencia de origen DO-SdBNP
Lengua de catalogación spa
Centro/agencia transcriptor BNPHU
Normas de descripción rda
082 #4 - NÚMERO DE LA CLASIFICACIÓN DECIMAL DEWEY
Número de clasificación 330.97293
Número de documento/Ítem C744n, 2002
Número de edición 22
111 2# - ENTRADA PRINCIPAL--NOMBRE DE CONGRESO/REUNIÓN
Nombre de congreso/reunión o jurisdicción como elemento de entrada Concurso Biblioteca ¨Juan Pablo Duarte¨ 2002
Fecha del congreso/reunión (2002 : Santo Domingo)
9 (RLIN) 84334
245 00 - MENCIÓN DE TÍTULO
Título Nueva literatura económica dominicana :
Resto del título premios de la Biblioteca Juan Pablo Duarte 2002 /
Mención de responsabilidad, etc. edición, Ramón Pereyra ; Amelia U. Santos Paulino, José Roberto Sánchez Fung, Rolando Reyes ; prólogo, Roberto E. Liz.
264 ## - PRODUCCIÓN, PUBLICACIÓN, DISTRIBUCIÓN, FABRICACIÓN Y COPYRIGHT
Producción, publicación, distribución, fabricación y copyright Santo Domingo :
Nombre del de productor, editor, distribuidor, fabricante Banco Central de la República Dominicana,
Fecha de producción, publicación, distribución, fabricación o copyright 2003.
300 ## - DESCRIPCIÓN FÍSICA
Extensión 191 páginas :
Otras características físicas ilustraciones, gráficos,
Dimensiones 24 cm.
336 ## - TIPO DE CONTENIDO
Fuente rdacontent
Término de tipo de contenido texto
Código de tipo de contenido txt
337 ## - TIPO DE MEDIO
Fuente rdamedia
Nombre/término del tipo de medio sin mediación
Código del tipo de medio n
338 ## - TIPO DE SOPORTE
Fuente rdacarrier
Nombre/término del tipo de soporte volumen
Código del tipo de soporte nc
490 0# - MENCIÓN DE SERIE
Mención de serie Banco Central de la República Dominicana ;
Designación de volumen o secuencia 59
490 0# - MENCIÓN DE SERIE
Mención de serie Nueva literatura económica
Designación de volumen o secuencia 6
500 ## - NOTA GENERAL
Nota general Incluye referencias bibliográficas y notas al pie de las páginas.
505 0# - NOTA DE CONTENIDO CON FORMATO
Nota de contenido con formato Análisis de la ley de seguridad social y su impacto económico /
Mención de responsabilidad Edwin a. Guerra --
Nota de contenido con formato La alquimia de los índices generales de precios /
Mención de responsabilidad Osvaldo R. Montalvo --
586 ## - NOTA DE PREMIOS
Nota de premios Premios del Concurso de Biblioteca "Juan Pablo Duarte" 2002
590 ## - NOTA LOCAL (RLIN)
Nota local Inventariado, 2023/BT
650 #4 - PUNTO DE ACCESO ADICIONAL DE MATERIA--TÉRMINO DE MATERIA
Término de materia o nombre geográfico como elemento de entrada Política monetaria
Subdivisión geográfica República Dominicana
9 (RLIN) 5998
Subdivisión de forma Congresos, conferencias, etc.
650 #4 - PUNTO DE ACCESO ADICIONAL DE MATERIA--TÉRMINO DE MATERIA
Término de materia o nombre geográfico como elemento de entrada Índice general de precios
Subdivisión de forma Congresos, conferencias, etc.
9 (RLIN) 84335
650 #4 - PUNTO DE ACCESO ADICIONAL DE MATERIA--TÉRMINO DE MATERIA
Término de materia o nombre geográfico como elemento de entrada Seguridad social
Subdivisión general Aspectos económicos
Subdivisión geográfica República Dominicana
9 (RLIN) 84336
Subdivisión de forma Congresos, conferencias, etc.
651 #4 - PUNTO DE ACCESO ADICIONAL DE MATERIA--NOMBRE GEOGRÁFICO
Nombre geográfico República Dominicana
Subdivisión general Condiciones económicas
9 (RLIN) 281
Subdivisión de forma Congresos, conferencias, etc.
651 #4 - PUNTO DE ACCESO ADICIONAL DE MATERIA--NOMBRE GEOGRÁFICO
Nombre geográfico República Dominicana
Subdivisión general Política económica
9 (RLIN) 643
Subdivisión de forma Congresos, conferencias, etc.
700 12 - PUNTO DE ACCESO ADICIONAL--NOMBRE DE PERSONA
Nombre de persona Liz, Roberto E.,
Término indicativo de función/relación prólogo
9 (RLIN) 37488
710 2# - PUNTO DE ACCESO ADICIONAL--NOMBRE DE ENTIDAD CORPORATIVA
Nombre de entidad corporativa o nombre de jurisdicción como elemento de entrada Banco Central de la República Dominicana.
Unidad subordinada Departamento Cultural
9 (RLIN) 7006
830 ## - PUNTO DE ACCESO ADICIONAL DE SERIE-TÍTULO UNIFORME
Título uniforme Banco Central de la República Dominicana ;
Número de parte o sección de la obra 56
Nombre de parte o sección de la obra Nueva literatura económica; 6
9 (RLIN) 84342
910 ## - DATOS DE OPCIÓN DEL USUARIO (OCLC)
Datos de opción del usuario Btavárez/Validado. Control de calidad MFF
942 ## - ELEMENTOS DE PUNTO DE ACCESO ADICIONAL (KOHA)
Fuente del sistema de clasificación o colocación Dewey Decimal Classification
Tipo de ítem Koha Libro
Holdings
Estado de retiro Estado de pérdida Fuente del sistema de clasificación o colocación Restricciones de uso No para préstamo Código de colección Localización permanente Ubicación/localización actual Ubicación en estantería Fecha de adquisición Fuente de adquisición Total de préstamos Signatura topográfica completa Código de barras Fecha visto por última vez Precio válido a partir de Tipo de ítem Koha Número de copia
    Dewey Decimal Classification Excluido de préstamo   Patrimonio Dominicano Biblioteca Nacional Pedro Henríquez Ureña Biblioteca Nacional Pedro Henríquez Ureña Depósito 27.05.2013 Donación   BNPHU PD 330.97293 C744n 2002 39139-10 25.06.2020 25.06.2020 Libro  
    Dewey Decimal Classification Excluido de préstamo   Patrimonio Dominicano Biblioteca Nacional Pedro Henríquez Ureña Biblioteca Nacional Pedro Henríquez Ureña Depósito 28.09.2023 Donación   BNPHU PD 330.97293 C744n 2002 2023-6522 28.09.2023 28.09.2023 Libro e.2
    Dewey Decimal Classification Préstamo en sala   Dominicana de Servicio Biblioteca Nacional Pedro Henríquez Ureña Biblioteca Nacional Pedro Henríquez Ureña Depósito 04.10.2023 Donación   BNPHU DS 330.97293 C744n 2002 2023-6685 04.10.2023 04.10.2023 Libro e.3

Powered by Koha